| 000 | 00694cam a22002053a 4500 | ||
|---|---|---|---|
| 001 | 43939 | ||
| 003 | PGUSA | ||
| 005 | 20140828084012.0 | ||
| 008 | 131012s2013||||xxu|||||s|||||000 | eng d | ||
| 040 |
_aPGUSA _beng |
||
| 042 | _adc | ||
| 100 | 1 | _aBabcock, Kendric Charles | |
| 245 | 1 | 4 |
_aThe Scandinavian Element in the United States : _bUniversity of Illinois Studies in the Social Sciences, Vol. 111, No. 3, September, 1914 _h[electronic resource] / _cKendric Charles Babcock |
| 260 |
_bProject Gutenberg, _c2013 |
||
| 506 | _aPublic domain in the USA. | ||
| 516 | _aElectronic text | ||
| 830 | 0 |
_aProject Gutenberg _v43939 |
|
| 856 | 4 | 0 | _uhttp://www.gutenberg.org/ebooks/43939 |
| 942 | _cEB | ||
| 999 |
_c273190 _d273190 |
||